书目信息 |
| 题名: |
高等学校毕业设计 (论文) 指导教程
|
|
| 作者: | 杜文洁 编著 | |
| 分册: | 电子信息类专业 | |
| 出版信息: | 北京 中国水利水电出版社 2015.05 |
|
| 页数: | 320页 | |
| 开本: | 26cm | |
| 丛书名: | 普通高等教育实践教学系列规划教材 | |
| 单 册: | ||
| 中图分类: | G642.477 | |
| 科图分类: | ||
| 主题词: | 电子信息--dian zi xin xi--毕业实践--高等学校--教学参考资料 , 毕业实践--bi ye shi jian--高等学校--教学参考资料 | |
| 电子资源: | ||
| ISBN: | 978-7-5170-3118-5 | |
| 000 | 01248nam 2200301 450 | |
| 001 | CAL 0120151573770 | |
| 005 | 20150825152726.04 | |
| 010 | @a978-7-5170-3118-5@dCNY40.00 | |
| 100 | @a20150521d2015 em y0chiy50 ea | |
| 101 | 0 | @achi |
| 102 | @aCN@b110000 | |
| 105 | @aa a 000yy | |
| 106 | @ar | |
| 200 | 1 | @a高等学校毕业设计 (论文) 指导教程@Agao deng xue xiao bi ye she ji ( lun wen ) zhi dao jiao cheng@i电子信息类专业@f杜文洁等编著 |
| 210 | @a北京@c中国水利水电出版社@d2015.05 | |
| 215 | @a320页@c图@d26cm | |
| 225 | 2 | @a普通高等教育实践教学系列规划教材@Apu tong gao deng jiao yu shi jian jiao xue xi lie gui hua jiao cai |
| 320 | @a有书目 | |
| 330 | @a本教程系统地介绍了电子信息类专业毕业设计的相关内容, 主要包括三部分: 电子信息类专业毕业设计指南、电子信息类专业毕业设计流程和电子信息类专业各方向毕业设计实例及选题。 | |
| 410 | 0 | @12001 @a普通高等教育实践教学系列规划教材 |
| 517 | 1 | @a电子信息类专业@Adian zi xin xi lei zhuan ye |
| 586 | @a | |
| 606 | 0 | @a电子信息@Adian zi xin xi@x毕业实践@x高等学校@j教学参考资料 |
| 606 | 0 | @a毕业实践@Abi ye shi jian@x高等学校@j教学参考资料 |
| 690 | @aG642.477@v5 | |
| 701 | 0 | @a杜文洁@Adu wen jie@4编著 |
| 801 | 0 | @aCN@c20150820 |
| 905 | @a河南城建学院图书馆@dG642.477@eD860@f3 | |
| 高等学校毕业设计 (论文) 指导教程.电子信息类专业/杜文洁等编著.-北京:中国水利水电出版社,2015.05 |
| 320页:图;26cm.-(普通高等教育实践教学系列规划教材) |
| ISBN 978-7-5170-3118-5:CNY40.00 |
| 本教程系统地介绍了电子信息类专业毕业设计的相关内容, 主要包括三部分: 电子信息类专业毕业设计指南、电子信息类专业毕业设计流程和电子信息类专业各方向毕业设计实例及选题。 |
| ● |
| 相关链接 |
|
|
|
正题名:高等学校毕业设计 (论文) 指导教程
索取号:G642.477/D860
 
预约/预借
| 序号 | 登录号 | 条形码 | 馆藏地/架位号 | 状态 | 备注 |
| 1 | 1223907 | 212239077 | 社科库409/409社科库 11排1列5层/ [索取号:G642.477/D860] | 在馆 | |
| 2 | 1223908 | 212239086 | 社科库409/409社科库 11排1列5层/ [索取号:G642.477/D860] | 在馆 | |
| 3 | 1223909 | 212239095 | 社科库409/409社科库 11排1列5层/ [索取号:G642.477/D860] | 在馆 |